Vaastu: (Record no. 201799)
[ view plain ]
| 000 -LEADER | |
|---|---|
| fixed length control field | 00792nam a22001937a 4500 |
| 005 - DATE AND TIME OF LATEST TRANSACTION | |
| control field | 20240409112941.0 |
| 010 ## - LCCN (DPL NO) | |
| LC control number | ENG-139953 |
| 020 ## - INTERNATIONAL STANDARD BOOK NUMBER | |
| International Standard Book Number | 9788120796546 |
| Terms of availability | 200.00 |
| 035 ## - SYSTEM CONTROL NUMBER | |
| System control number | EN-123485 |
| 037 ## - SOURCE OF ACQUISITION | |
| Source of stock number/acquisition | DBAD/PUB |
| 082 ## - DEWEY DECIMAL CLASSIFICATION NUMBER | |
| Classification number | 133.323 |
| 100 ## - MAIN ENTRY--PERSONAL NAME | |
| Personal name | Singal,Naresh |
| 245 ## - TITLE STATEMENT | |
| Title | Vaastu: |
| Remainder of title | Vedic Architectural Wisdom for Modern Buildings/ |
| Statement of responsibility, etc | By Naresh Singal [and] Bharat Singal |
| 260 ## - PUBLICATION, DISTRIBUTION, ETC. (IMPRINT) | |
| Place of publication, distribution, etc | New Delhi |
| Name of publisher, distributor, etc | Sterling Publishers (P) Ltd. |
| Date of publication, distribution, etc | 2015 |
| 270 ## - ADDRESS | |
| Address | A-59, Okhla Industrial Area , Phase-II |
| City | New Delhi |
| Postal code | 110020 |
| Telephone number | 26387070 |
| Fax number | 91-11-26383788 |
| Electronic mail address | mail@sterlingpublishers.com |
| 300 ## - PHYSICAL DESCRIPTION | |
| Extent | 167p. |
| Dimensions | 22cm(Pb) |
| 700 ## - ADDED ENTRY--PERSONAL NAME | |
| Personal name | Singal, Bharat |
| 9 (RLIN) | 63974 |
| 942 ## - ADDED ENTRY ELEMENTS (KOHA) | |
| Source of classification or shelving scheme | Dewey Decimal Classification |
| Item type | English Books |
| Classification part | 133.323 |
| Call number suffix | SIN |
| Withdrawn status | Lost status | Not for loan | Collection code | Home library | Current library | Date acquired | Source of acquisition | Cost, normal purchase price | Full call number | Barcode | Cost, replacement price | Koha item type |
|---|---|---|---|---|---|---|---|---|---|---|---|---|
| Non-fiction | Bawana | Bawana | 27/03/2024 | DBAD | 200.00 | 133.323 SIN | EN-123485 | 200.00 | English Books |
